Fr. Conceicao Rodrigues College of Engineering

Fundamentals of modern digital system (Record no. 29845)

MARC details
000 -LEADER
fixed length control field 00322nam a2200133Ia 4500
100 ## - MAIN ENTRY--PERSONAL NAME
Personal name Bannister B.R
245 ## - TITLE STATEMENT
Title Fundamentals of modern digital system
260 ## - PUBLICATION, DISTRIBUTION, ETC.
Name of publisher, distributor, etc. English language book society
Place of publication, distribution, etc. Singapore
Date of publication, distribution, etc. 1987
300 ## - PHYSICAL DESCRIPTION
Extent 302
546 ## - LANGUAGE NOTE
Language note ENGLISH
654 ## - SUBJECT ADDED ENTRY--FACETED TOPICAL TERMS
Focus term modern digital system
942 ## - ADDED ENTRY ELEMENTS (KOHA)
Koha item type BOOK
Holdings
Withdrawn status Lost status Damaged status Not for loan Collection Home library Current library Date acquired Source of acquisition Cost, normal purchase price Inventory number Total Checkouts Full call number Barcode Date last seen Cost, replacement price Price effective from Koha item type
        CRC Fr. Agnel's C.Rodrigues College of Engineering Fr. Agnel's C.Rodrigues College of Engineering 17/03/2023 Progressive Books 208.95 2039 dt 4.7.92   3639 17/03/2023 208.95 04/07/1992 BOOK